000 01193cam a22003497a 4500
003 CHAP
005 20220329142455.0
008 010521s2000 mx a r 00010 spa d
010 _a83978
011 _a84950
020 _a970902647X
035 _a95476
040 _cCHAP
082 0 4 _a639.7
_bA3
100 0 0 _aAguirre, Eugenio.
_93060
245 1 0 _aAcuicultura :
_bel sabor de la mojarra
_c/por Eugenio Aguirre
260 _aMéxico, D.F. :
_bSecretaría de Desarrollo Social,
_c2000
300 _a79 p. :
_bilus.
590 _aBATCH-UPD
_b10
_c20130110
_lUCH01
_h0617
590 _aBATCH-UPD
_b10
_c20130110
_lUCH01
_h2303
590 _aCONVERSION
_b10
_c20130109
_lUCH01
_h1347
650 1 4 _aAcuicultura.
_9758
650 1 4 _aCampeche
_xCondiciones rurales.
_917982
650 1 4 _aMojarras.
_977302
901 _aBK
905 _aLilia Sánchez G.
942 _cLIBRO
949 _a639.7 A3
_bBC
_cLIBRO
_d33724000825519
_eLIBRO
_fc.4
_h100238
_i95476
_si
949 _a639.7 A3
_bBC
_cLIBRO
_d33724000825634
_eLIBRO
_fc.3
_h100216
_i95476
_sb
949 _a639.7 A3
_bBC
_cLIBRO
_d33724000825691
_eLIBRO
_fc.2
_h100215
_i95476
_sb
949 _a639.7 A3
_bBC
_cLIBRO
_d33724000825758
_eLIBRO
_h100214
_i95476
_si
999 _c83978
_d83978